Účtovanie odpisov v jednoduchom účtovníctve
Zúčtovanie daňových odpisov vypočítaných z limitovanej vstupnej ceny automobilu sa v konečnom dôsledku odrazí na zvýšení dane z príjmov - uvádza jedn z príkladov príspevku. Definície pojmov rozuhodujúcich pre odpisovanie majetku podnikateľskými subjektami vymedzuje súpis právnych noriem. Uzávierkové...
Gespeichert in:
| 1. Verfasser: | |
|---|---|
| Format: | Buchkapitel |
| Sprache: | Slowakisch |
| Schlagworte: | |
| Tags: |
Keine Tags, Fügen Sie das erste Tag hinzu!
|
MARC
| LEADER | 00000naa a2200000 4500 | ||
|---|---|---|---|
| 001 | r042907 | ||
| 005 | 20231003084719.0 | ||
| 041 | 0 | |a slo | |
| 044 | |a SK | ||
| 245 | 1 | 0 | |a Účtovanie odpisov v jednoduchom účtovníctve |c Božena Ninčáková |
| 520 | |a Zúčtovanie daňových odpisov vypočítaných z limitovanej vstupnej ceny automobilu sa v konečnom dôsledku odrazí na zvýšení dane z príjmov - uvádza jedn z príkladov príspevku. Definície pojmov rozuhodujúcich pre odpisovanie majetku podnikateľskými subjektami vymedzuje súpis právnych noriem. Uzávierkové operácie. | ||
| 610 | 2 | 0 | |a odpisy |
| 610 | 2 | 0 | |a odpisy daňové |
| 610 | 2 | 0 | |a účtovanie |
| 610 | 2 | 0 | |a účtovníctvo jednoduché |
| 610 | 2 | 0 | |a pojmy |
| 610 | 2 | 0 | |a operácie účtovné |
| 100 | 1 | |a Ninčáková, Božena | |